[Event "2BLS 2223 SF Heidesheim - OSG Baden-Bad"]
[Site "?"]
[Date "2022.11.27"]
[Round "4.3"]
[White "Halkias, Stelios"]
[Black "Wilhelm, Till"]
[Result "1/2-1/2"]
[WhiteElo "2506"]
[BlackElo "2348"]
[PlyCount "96"]
[EventDate "2022.??.??"]

1. c4 e6 2. Nf3 d5 3. e3 Nf6 4. Nc3 Bd6 5. d4 b6 6. cxd5 exd5 7. Bd3 O-O 8. O-O Bb7 9. b3 a6 10. Ne5 c5 11. Bb2 b5 12. Ne2 c4 13. Bf5 Qe7 14. Ng3 g6 15. Bc2 Nbd7 16. f4 Rac8 17. Qe1 cxb3 18. Bxb3 Nb6 19. Rb1 Nc4 20. Bc3 b4 21. Ba1 a5 22. e4 Na3 23. Rc1 Ba6 24. Rf2 Rxc1 25. Qxc1 Rc8 26. Qd1 Bc4 27. exd5 Bxd5 28. f5 Bxb3 29. axb3 g5 30. Bb2 Nb5 31. Nh5 Nc3 32. Nxf6+ Qxf6 33. Qh5 Bxe5 34. dxe5 Qxe5 35. Qxg5+ Kh8 36. Qd2 Re8 37. Rf1 Qe3+ 38. Qxe3 Rxe3 39. Rc1 Kg7 40. Bxc3+ Rxc3 41. Ra1 Rc5 42. g4 h5 43. h3 h4 44. Kf2 Kf6 45. Re1 Kg5 46. Re7 Kf6 47. Re3 Kg5 48. Re7 Kf6 1/2-1/2

[Event "2BLS 2223 SF Heidesheim - OSG Baden-Bad"]
[Site "?"]
[Date "2022.11.27"]
[Round "4.4"]
[White "Hinrichs, Paul"]
[Black "Schmider, Niklas"]
[Result "0-1"]
[WhiteElo "2172"]
[BlackElo "2396"]
[PlyCount "76"]
[EventDate "2022.??.??"]

1. d4 Nf6 2. c4 e6 3. Nc3 Bb4 4. Qc2 d5 5. a3 Bxc3+ 6. Qxc3 O-O 7. Bg5 c5 8. cxd5 cxd4 9. Qxd4 Nc6 10. Qc3 Nxd5 11. Bxd8 Nxc3 12. Bh4 Na4 13. e3 Nxb2 14. a4 Nb4 15. Rb1 N4d3+ 16. Kd2 g5 17. Bxd3 Nxd3 18. Kxd3 gxh4 19. Nf3 b6 20. Nxh4 Rd8+ 21. Ke4 Rd2 22. f3 Bd7 23. Rhc1 Bxa4 24. Rb4 b5 25. Ke5 h5 26. g4 Kg7 27. Rg1 Rd5+ 28. Kf4 a5 29. Re4 Bc2 30. Re5 Rxe5 31. Kxe5 b4 32. gxh5+ Kh7 33. Kf6 Rg8 34. Rg4 Rxg4 35. fxg4 Kg8 36. Nf3 a4 37. g5 a3 38. Nd4 a2 0-1

[Event "2BLS 2223 SF Heidesheim - OSG Baden-Bad"]
[Site "?"]
[Date "2022.11.27"]
[Round "4.5"]
[White "Breder, Dennis"]
[Black "Foerster, Erik"]
[Result "1-0"]
[WhiteElo "2424"]
[BlackElo "2175"]
[PlyCount "51"]
[EventDate "2022.??.??"]

1. e4 e5 2. Nf3 Nf6 3. Nc3 Bb4 4. Nxe5 O-O 5. Be2 Re8 6. Nd3 Bxc3 7. dxc3 Nxe4 8. O-O d5 9. Re1 Bf5 10. Bf1 c6 11. f3 Nd6 12. Bf4 Nc4 13. Rxe8+ Qxe8 14. b3 Na3 15. Qc1 Nb5 16. Qd2 Na6 17. a4 Nbc7 18. Rd1 Qf8 19. Be3 Ne6 20. Qf2 b6 21. Ne5 Nb8 22. g4 Bg6 23. c4 d4 24. Bc1 Qd6 25. f4 f6 26. c5 1-0

[Event "2BLS 2223 SF Heidesheim - OSG Baden-Bad"]
[Site "?"]
[Date "2022.11.27"]
[Round "4.6"]
[White "Lantzsch, Christian"]
[Black "Riff, Jean-Noel"]
[Result "1/2-1/2"]
[WhiteElo "2160"]
[BlackElo "2433"]
[PlyCount "133"]
[EventDate "2022.??.??"]

1. d4 d5 2. Nf3 Nf6 3. Bf4 e6 4. e3 Bd6 5. Nbd2 O-O 6. Bg3 c5 7. c3 Qc7 8. Ne5 Nc6 9. Nxc6 Qxc6 10. Bxd6 Qxd6 11. f4 b5 12. Be2 b4 13. O-O a5 14. Nb3 Ne4 15. Nxc5 Nxc5 16. dxc5 Qxc5 17. Qd4 Qe7 18. cxb4 axb4 19. Rfc1 Ba6 20. Bxa6 Rxa6 21. Rc5 Qb7 22. f5 exf5 23. Rxd5 g6 24. a4 bxa3 25. Rxa3 Re6 26. Rd3 Rfe8 27. Rd8 Qb5 28. Rxe8+ Rxe8 29. Kf2 h5 30. b3 Ra8 31. Qd5 Ra2+ 32. Kg3 Qb4 33. Qc4 Qe1+ 34. Kh3 Ra8 35. Qh4 Qe2 36. Rd8+ Rxd8 37. Qxd8+ Kh7 38. Qg5 Qb5 39. Qe7 Qxb3 40. Kg3 Qe6 41. Qa7 Qe5+ 42. Kf2 Kg7 43. h3 h4 44. Qb6 g5 45. Kf1 g4 46. Qb8 Qxe3 47. hxg4 h3 48. gxh3 Qxh3+ 49. Kf2 Qxg4 50. Qc8 Qf4+ 51. Kg2 Qg5+ 52. Kf2 f4 53. Qc3+ f6 54. Qc7+ Kh6 55. Qf7 Qg3+ 56. Kf1 Qg6 57. Qf8+ Kh5 58. Qa8 Qd3+ 59. Kg1 f3 60. Kf2 Qe2+ 61. Kg3 Qg2+ 62. Kf4 Qg4+ 63. Ke3 Kg5 64. Qg8+ Kh4 65. Qh8+ Kg3 66. Qxf6 Kg2 67. Qb2+ 1/2-1/2

[Event "2BLS 2223 SF Heidesheim - OSG Baden-Bad"]
[Site "?"]
[Date "2022.11.27"]
[Round "4.7"]
[White "Trifan, Andrei Ioan"]
[Black "Enzmann, Steffen"]
[Result "1-0"]
[WhiteElo "2296"]
[BlackElo "2142"]
[PlyCount "45"]
[EventDate "2022.??.??"]

1. Nf3 c5 2. e3 g6 3. d4 Bg7 4. Be2 Nf6 5. O-O O-O 6. dxc5 Qc7 7. c4 Na6 8. Nc3 Nxc5 9. b4 Nce4 10. Bb2 Nxc3 11. Bxc3 d5 12. c5 Bf5 13. Rc1 Rad8 14. Qb3 Rfe8 15. Be5 Qc8 16. Rfd1 Be4 17. Nd4 Bh6 18. c6 bxc6 19. Nxc6 Qf5 20. Bxf6 Qxf6 21. Nxd8 Qg5 22. f3 Bf5 23. f4 1-0

[Event "2BLS 2223 SF Heidesheim - OSG Baden-Bad"]
[Site "?"]
[Date "2022.11.27"]
[Round "4.8"]
[White "Perske, Paul"]
[Black "Schmaltz, Roland"]
[Result "1/2-1/2"]
[WhiteElo "2043"]
[BlackElo "2455"]
[PlyCount "101"]
[EventDate "2022.??.??"]

1. e4 c5 2. Nf3 e6 3. d4 cxd4 4. Nxd4 Nc6 5. Nc3 Qc7 6. Be3 a6 7. Qf3 Nf6 8. Nxc6 bxc6 9. Qg3 Qxg3 10. hxg3 d5 11. f3 Bb4 12. Bd4 dxe4 13. fxe4 c5 14. Bxf6 gxf6 15. O-O-O Bxc3 16. bxc3 Bb7 17. Rh4 Ke7 18. Be2 Rhg8 19. Bf3 Rxg3 20. Rdh1 Rg7 21. Rh6 e5 22. Kd2 Bc8 23. Ke3 Be6 24. Rb1 Rd8 25. a3 Rd6 26. Rb7+ Bd7 27. Rc7 Rc6 28. Rb7 Kd8 29. Rh1 Rd6 30. Rhb1 Bb5 31. Ra7 Rd7 32. Ra8+ Kc7 33. Rh8 Rd8 34. Rxd8 Kxd8 35. Rd1+ Kc7 36. Rd5 Bc6 37. Rd1 Bd7 38. Rh1 f5 39. exf5 Bxf5 40. Rh5 Bxc2 41. Rxe5 Kb6 42. Re7 a5 43. Kd2 Bf5 44. Bd5 Rg3 45. c4 Rxa3 46. Rb7+ Ka6 47. Rxf7 Bg6 48. Rf6+ Ka7 49. Rc6 a4 50. Rc7+ Kb6 51. Rc6+ 1/2-1/2

[Event "2BLS 2223 SF Heidesheim - SF Bad Mergen"]
[Site "?"]
[Date "2023.02.04"]
[Round "5.1"]
[White "Kazakouski, Valery"]
[Black "Perske, Thore"]
[Result "1/2-1/2"]
[WhiteElo "2531"]
[BlackElo "2434"]
[PlyCount "47"]
[EventDate "2023.??.??"]

1. e4 e5 2. Nf3 Nc6 3. Bb5 Nf6 4. d3 Bc5 5. Bxc6 dxc6 6. Qe2 Qe7 7. Nbd2 Nd7 8. Nc4 Bd6 9. O-O O-O 10. Be3 Nb6 11. Nfd2 Nxc4 12. Nxc4 Be6 13. Nd2 Bc5 14. a3 a5 15. Rae1 Bxe3 16. Qxe3 c5 17. f4 exf4 18. Rxf4 b6 19. Nf1 Qg5 20. Nd2 Rad8 21. Nf3 Qe7 22. Nh4 Qg5 23. Nf3 Qe7 24. Nh4 1/2-1/2

[Event "2BLS 2223 SF Heidesheim - SF Bad Mergen"]
[Site "?"]
[Date "2023.02.04"]
[Round "5.2"]
[White "Carow, Johannes"]
[Black "Rakotomaharo, Fy Antenaina"]
[Result "1-0"]
[WhiteElo "2443"]
[BlackElo "2451"]
[PlyCount "135"]
[EventDate "2023.??.??"]

1. d4 d5 2. c4 e6 3. Nc3 Bb4 4. Bd2 Nf6 5. e3 c5 6. a3 Bxc3 7. Bxc3 cxd4 8. Qxd4 O-O 9. cxd5 exd5 10. Qh4 Ne4 11. Qxd8 Rxd8 12. Bd4 Nc6 13. Ne2 b6 14. b4 Ba6 15. Bb2 Rac8 16. Rd1 Bc4 17. f3 Nd6 18. Nf4 Bxf1 19. Rxf1 Nc4 20. Bc1 d4 21. e4 b5 22. Rf2 a5 23. Nd5 f5 24. bxa5 fxe4 25. fxe4 Ra8 26. Bd2 Re8 27. Bb4 Rxe4+ 28. Re2 Rxe2+ 29. Kxe2 N4xa5 30. Nc7 Rd8 31. Bxa5 Nxa5 32. Nxb5 Nb3 33. Kd3 Rb8 34. Kc4 Na5+ 35. Kc5 Nb7+ 36. Kb4 Nd8 37. a4 Kf7 38. Ka3 Ne6 39. Nxd4 Nc5 40. Rc1 Ne4 41. Rc7+ Kf6 42. Nb5 Nf2 43. Rc2 Nd3 44. Rc3 Nf4 45. g3 Ne6 46. Kb4 Ke5 47. a5 Nd4 48. Rc5+ Ke4 49. Ka4 Ne6 50. Rc4+ Kf3 51. a6 Kg2 52. Rc6 Ng5 53. a7 Ra8 54. Rc7 g6 55. h4 Ne6 56. Rxh7 Kxg3 57. Ka5 Nf4 58. Kb6 Nh5 59. Rh6 Rg8 60. Kb7 Kxh4 61. Rxg6 Rxg6 62. a8=Q Nf6 63. Nd4 Rg7+ 64. Kc6 Rg8 65. Qa5 Ng4 66. Qe1+ Kg5 67. Ne6+ Kf6 68. Kd6 1-0

[Event "2BLS 2223 SF Heidesheim - SF Bad Mergen"]
[Site "?"]
[Date "2023.02.04"]
[Round "5.3"]
[White "Ikonnikov, Vyacheslav"]
[Black "Wilhelm, Till"]
[Result "1/2-1/2"]
[WhiteElo "2485"]
[BlackElo "2350"]
[PlyCount "74"]
[EventDate "2023.??.??"]

1. d4 Nf6 2. Nf3 d5 3. c4 e6 4. Nc3 Bb4 5. Qa4+ Nc6 6. e3 O-O 7. Qc2 b6 8. cxd5 exd5 9. Bd3 Bg4 10. Ne5 Nxe5 11. dxe5 Nd7 12. Bxh7+ Kh8 13. Bf5 Bxc3+ 14. bxc3 Nxe5 15. O-O Qf6 16. Bxg4 Nxg4 17. h3 Ne5 18. e4 dxe4 19. Qxe4 Rfe8 20. Be3 c5 21. Rad1 Rad8 22. Qa4 Qe7 23. Bf4 Nd3 24. Bg5 Qxg5 25. Rxd3 a5 26. Rxd8 Rxd8 27. Re1 Qf6 28. Re3 Kg8 29. c4 Kh7 30. Qc2+ g6 31. Qe2 Qd6 32. g3 Qd1+ 33. Kg2 Qxe2 34. Rxe2 Rd4 35. Rb2 Rxc4 36. Rxb6 Rc2 37. a4 Rc4 1/2-1/2

[Event "2BLS 2223 SF Heidesheim - SF Bad Mergen"]
[Site "?"]
[Date "2023.02.04"]
[Round "5.4"]
[White "Hinrichs, Paul"]
[Black "Neuman, Petr"]
[Result "1/2-1/2"]
[WhiteElo "2212"]
[BlackElo "2403"]
[PlyCount "144"]
[EventDate "2023.??.??"]

1. d4 d6 2. c4 e5 3. dxe5 dxe5 4. Qxd8+ Kxd8 5. Nf3 f6 6. Nc3 Be6 7. e4 Nd7 8. Be3 c6 9. O-O-O Kc7 10. Be2 Ne7 11. Rd2 Nc8 12. Rhd1 Ncb6 13. Ne1 Bb4 14. Kc2 Nc5 15. Nd3 Nxd3 16. Bxd3 Rhd8 17. b3 a5 18. Be2 Rxd2+ 19. Rxd2 a4 20. Bxb6+ Kxb6 21. Nxa4+ Rxa4 22. bxa4 Bxd2 23. Kxd2 Ka5 24. Kc3 Kxa4 25. Kb2 c5 26. a3 Bd7 27. Bd1+ Ka5 28. Kc3 Bc6 29. Bc2 Kb6 30. g3 Kc7 31. Kd3 Kd6 32. Ke3 Ke7 33. Bd1 g6 34. Bc2 Kf7 35. h4 g5 36. Bd1 Bd7 37. Be2 Be6 38. Kd3 Kg7 39. Ke3 Kh6 40. Kf3 Bd7 41. Bd1 Be8 42. Kg2 Bc6 43. f3 Kg6 44. Bc2 h6 45. hxg5 Kxg5 46. Kf2 h5 47. Kg2 h4 48. Kh3 Bd7+ 49. Kg2 b6 50. Kh2 f5 51. exf5 hxg3+ 52. Kxg3 Bxf5 53. Be4 Bd7 54. Bc2 Be8 55. Be4 Ba4 56. Bd3 Bb3 57. Be2 Bc2 58. Bf1 Bb1 59. Be2 Kf5 60. Bf1 Bc2 61. Bh3+ Kf6 62. Bf1 Kg5 63. Be2 Kf5 64. Bf1 e4 65. f4 Bd3 66. Bxd3 exd3 67. Kf3 d2 68. Ke2 Kxf4 69. Kxd2 Ke4 70. Kc3 Ke3 71. Kb3 Kd4 72. Ka4 Kxc4 1/2-1/2

[Event "2BLS 2223 SF Heidesheim - SF Bad Mergen"]
[Site "?"]
[Date "2023.02.04"]
[Round "5.5"]
[White "Vlasak, Lukas"]
[Black "Foerster, Erik"]
[Result "1-0"]
[WhiteElo "2458"]
[BlackElo "2173"]
[PlyCount "53"]
[EventDate "2023.??.??"]

1. d4 d5 2. Nf3 Nf6 3. Bf4 c5 4. e3 Nc6 5. Nbd2 Bg4 6. c3 e6 7. Qa4 Nd7 8. Ne5 Ndxe5 9. Bxe5 c4 10. b3 Qd7 11. Bg3 cxb3 12. axb3 Rc8 13. Bd3 Be7 14. O-O Bh5 15. b4 Bg6 16. Bxg6 hxg6 17. b5 Nd8 18. c4 dxc4 19. Nxc4 O-O 20. Rac1 b6 21. Ne5 Qb7 22. Rxc8 Qxc8 23. Qxa7 Qb7 24. Ra1 Bb4 25. Nd7 Re8 26. Qxb7 Nxb7 27. Nxb6 1-0

[Event "2BLS 2223 SF Heidesheim - SF Bad Mergen"]
[Site "?"]
[Date "2023.02.04"]
[Round "5.6"]
[White "Karst, Elmar"]
[Black "Razafindratsima, Timothe"]
[Result "0-1"]
[WhiteElo "2285"]
[BlackElo "2455"]
[PlyCount "82"]
[EventDate "2023.??.??"]

1. d4 Nf6 2. Bg5 d5 3. e3 c5 4. Bxf6 gxf6 5. dxc5 e6 6. Nc3 Bxc5 7. Qh5 f5 8. g4 fxg4 9. e4 Bb4 10. O-O-O Bxc3 11. bxc3 Qf6 12. exd5 exd5 13. Bb5+ Nc6 14. Ne2 a6 15. Ba4 Be6 16. Nd4 O-O 17. h3 gxh3 18. Bxc6 bxc6 19. Rd3 Qf4+ 20. Kb2 Kh8 21. Rf3 Rab8+ 22. Ka1 Qe4 23. Qg5 f6 24. Qc1 Bd7 25. Re1 Qh4 26. Rg3 Rg8 27. Nf3 Qc4 28. Nd2 Qf4 29. Rf3 Qh6 30. Rfe3 Rbe8 31. Nf3 Rxe3 32. fxe3 Qh5 33. Rf1 Bg4 34. Nd4 c5 35. Nb3 h2 36. e4 dxe4 37. Qf4 Qf5 38. Qc1 Qxf1 39. Qxf1 Bf3 40. Qxa6 h1=Q+ 41. Kb2 Qh4 0-1

[Event "2BLS 2223 SF Heidesheim - SF Bad Mergen"]
[Site "?"]
[Date "2023.02.04"]
[Round "5.7"]
[White "Gasthofer, Alexander"]
[Black "Lantzsch, Christian"]
[Result "1/2-1/2"]
[WhiteElo "2403"]
[BlackElo "2165"]
[PlyCount "52"]
[EventDate "2023.??.??"]

1. d4 d5 2. Nf3 Nf6 3. c4 c6 4. e3 Bf5 5. Nc3 e6 6. Nh4 Bg6 7. g3 Be7 8. Qb3 Qb6 9. Nxg6 hxg6 10. Bd2 Nbd7 11. Be2 O-O 12. O-O dxc4 13. Bxc4 c5 14. dxc5 Qxb3 15. Bxb3 Nxc5 16. Bc2 Rfd8 17. Rad1 Nd3 18. Bc1 Nxc1 19. Rxc1 Rac8 20. Ne4 Kf8 21. Nxf6 Bxf6 22. Be4 b6 23. b3 Bb2 24. Rxc8 Rxc8 25. Rd1 Rc1 26. Rxc1 Bxc1 1/2-1/2

[Event "2BLS 2223 SF Heidesheim - SF Bad Mergen"]
[Site "?"]
[Date "2023.02.04"]
[Round "5.8"]
[White "Haasler, Andreas"]
[Black "Raps, Johannes"]
[Result "1/2-1/2"]
[WhiteElo "2225"]
[BlackElo "2100"]
[PlyCount "72"]
[EventDate "2023.??.??"]

1. d4 d5 2. Bf4 Nf6 3. e3 Bf5 4. c4 c6 5. Nc3 e6 6. Qb3 Qc8 7. cxd5 Nxd5 8. Nxd5 exd5 9. Nf3 Be7 10. Bd3 Bxd3 11. Qxd3 Nd7 12. O-O Qd8 13. b4 a6 14. Rab1 Nb6 15. Rfc1 O-O 16. Qf5 Qc8 17. Qc2 Nc4 18. Qd3 Qe6 19. h3 b5 20. Ne5 a5 21. a3 axb4 22. axb4 Ra3 23. Rb3 Ra2 24. Qb1 Rfa8 25. Nxc4 dxc4 26. Rb2 Rxb2 27. Qxb2 Ra4 28. Ra1 Rxa1+ 29. Qxa1 Bxb4 30. Qa8+ Bf8 31. e4 c3 32. d5 cxd5 33. exd5 Qf6 34. d6 Qxf4 35. d7 Qc1+ 36. Kh2 Qf4+ 1/2-1/2

[Event "2BLS 2223 SV 1920 Hofheim - Heilbronner"]
[Site "?"]
[Date "2023.02.04"]
[Round "5.1"]
[White "Wenninger, Philipp"]
[Black "Sumets, Andrey"]
[Result "1/2-1/2"]
[WhiteElo "2385"]
[BlackElo "2513"]
[PlyCount "111"]
[EventDate "2023.??.??"]

1. d4 Nf6 2. c4 e6 3. g3 d5 4. Nf3 Be7 5. Bg2 O-O 6. O-O dxc4 7. Ne5 Qd6 8. Nc3 Qa6 9. b3 cxb3 10. Bf4 b2 11. Rb1 c6 12. Rxb2 Nbd7 13. e4 Nxe5 14. Bxe5 Qa5 15. Qb3 Ng4 16. Bf4 e5 17. dxe5 Nxe5 18. Nd5 Bd6 19. Bxe5 Bxe5 20. Ne7+ Kh8 21. Rbb1 Rb8 22. Nxc8 Rbxc8 23. Qc4 Rc7 24. f4 Qc3 25. Qxc3 Bxc3 26. Rfd1 c5 27. e5 Rb8 28. a4 Ba5 29. Rd5 Bb6 30. Be4 g6 31. Kf1 c4 32. Rc1 c3 33. Ke2 a6 34. Bc2 Bc5 35. Bd3 Ba3 36. Rc2 Kg7 37. h4 Kf8 38. g4 Ke8 39. h5 gxh5 40. gxh5 h6 41. Kf3 Rd8 42. Rxd8+ Kxd8 43. Ke4 Bb2 44. f5 Rc5 45. f6 Ra5 46. Bc4 Rxa4 47. Kd3 Ke8 48. e6 fxe6 49. Bxe6 Rf4 50. f7+ Ke7 51. Re2 Rd4+ 52. Kc2 Rd2+ 53. Rxd2 cxd2 54. Bc8 Kxf7 55. Bxb7 a5 56. Kxd2 1/2-1/2

[Event "2BLS 2223 SV 1920 Hofheim - Heilbronner"]
[Site "?"]
[Date "2023.02.04"]
[Round "5.2"]
[White "Shneider, Aleksandr"]
[Black "Baenziger, Fabian"]
[Result "1/2-1/2"]
[WhiteElo "2499"]
[BlackElo "2408"]
[PlyCount "58"]
[EventDate "2023.??.??"]

1. d4 d5 2. c4 c6 3. Nf3 Nf6 4. Nc3 e6 5. Bg5 h6 6. Bxf6 Qxf6 7. e3 g6 8. Bd3 Bg7 9. O-O O-O 10. Ne5 Qe7 11. f4 Nd7 12. Qe2 dxc4 13. Bxc4 c5 14. Bb3 b6 15. Rad1 cxd4 16. exd4 Nxe5 17. fxe5 Bb7 18. Ne4 Bxe4 19. Qxe4 Rad8 20. Rf3 Rd7 21. Ba4 Rdd8 22. Bb3 Rd7 23. h4 h5 24. Kh2 Kh7 25. Kh3 f5 26. exf6 Rxf6 27. Rxf6 Qxf6 28. Bxe6 Rxd4 29. Rxd4 Qxd4 1/2-1/2

[Event "2BLS 2223 SV 1920 Hofheim - Heilbronner"]
[Site "?"]
[Date "2023.02.04"]
[Round "5.3"]
[White "Stijve, Theo"]
[Black "Ginsburg, Gennadi"]
[Result "0-1"]
[WhiteElo "2338"]
[BlackElo "2397"]
[PlyCount "132"]
[EventDate "2023.??.??"]

1. e4 c5 2. Nf3 e6 3. d4 cxd4 4. Nxd4 a6 5. a3 Nf6 6. Bd3 e5 7. Nf3 d6 8. c4 Be7 9. Nc3 O-O 10. h3 Nbd7 11. Be3 b6 12. b4 Bb7 13. g4 Rc8 14. Rc1 b5 15. g5 Nh5 16. cxb5 axb5 17. Bxb5 Nf4 18. Bxf4 exf4 19. Nd5 Bxd5 20. exd5 Ne5 21. Nxe5 Rxc1 22. Qxc1 dxe5 23. Qc6 Bd6 24. Qd7 Qb6 25. O-O Rd8 26. Qc6 Qa7 27. Qc3 Qe7 28. Qf3 Qxg5+ 29. Kh1 g6 30. Bc6 Qe7 31. Re1 f5 32. Qg2 e4 33. f3 Qe5 34. Qc2 Rf8 35. Kh2 Qd4 36. Kg2 Qf6 37. Qf2 e3 38. Qg1 Qb2+ 39. Kh1 Qxa3 40. b5 Qc5 41. Rb1 Qb6 42. Qe1 Rf7 43. Qe2 Re7 44. Ra1 Qd4 45. Ra8+ Kg7 46. Ra2 Kh6 47. Kg2 Bc5 48. Rc2 Ra7 49. Rc4 Qd2 50. Rc2 Qxe2+ 51. Rxe2 Ra1 52. d6 Rd1 53. b6 Rxd6 54. b7 Ba7 55. Bb5 Rb6 56. Bd3 Rxb7 57. Ra2 Rd7 58. Be2 Kg5 59. Bb5 Rd2+ 60. Rxd2 exd2 61. Be2 Kh4 62. Bd1 g5 63. Bc2 h5 64. Bd1 g4 65. Kh2 g3+ 66. Kg2 Kg5 0-1

[Event "2BLS 2223 SV 1920 Hofheim - Heilbronner"]
[Site "?"]
[Date "2023.02.04"]
[Round "5.4"]
[White "Gurevich, Vladimir"]
[Black "Fecker, Noah"]
[Result "1/2-1/2"]
[WhiteElo "2452"]
[BlackElo "2402"]
[PlyCount "27"]
[EventDate "2023.??.??"]

1. e4 c5 2. Nf3 e6 3. d4 cxd4 4. Nxd4 Nc6 5. Nc3 Qc7 6. f4 Nxd4 7. Qxd4 a6 8. Be3 b5 9. O-O-O Bb7 10. Bd3 Rc8 11. Kb1 Qc5 12. Qxc5 Bxc5 13. Bxc5 Rxc5 14. a3 1/2-1/2

[Event "2BLS 2223 SV 1920 Hofheim - Heilbronner"]
[Site "?"]
[Date "2023.02.04"]
[Round "5.5"]
[White "Zuferi, Enis"]
[Black "Womacka, Mathias"]
[Result "1-0"]
[WhiteElo "2365"]
[BlackElo "2409"]
[PlyCount "101"]
[EventDate "2023.??.??"]

1. d4 Nf6 2. c4 e6 3. Nc3 Bb4 4. e3 O-O 5. Bd3 c5 6. Nf3 cxd4 7. exd4 d5 8. cxd5 Nxd5 9. Bd2 Nc6 10. O-O Nf6 11. Bg5 Be7 12. a3 b6 13. Re1 Bb7 14. Bc2 Rc8 15. Qd3 g6 16. Rad1 Re8 17. Bb3 Na5 18. Ba2 Nd5 19. Bxe7 Rxe7 20. Ne4 Rec7 21. Ne5 f5 22. Bxd5 Bxd5 23. Nc3 Nc4 24. Nxd5 Qxd5 25. Nxc4 Rxc4 26. Qe3 Rd8 27. h4 e5 28. Qxe5 Qxe5 29. dxe5 Rxd1 30. Rxd1 Rxh4 31. Rd8+ Kf7 32. Rd7+ Ke6 33. Rxa7 Kxe5 34. Rb7 Rc4 35. Rxb6 g5 36. Rb5+ Ke6 37. Rb6+ Ke5 38. Rb5+ Ke6 39. b3 Rc1+ 40. Kh2 Rc2 41. f3 h5 42. a4 Kf6 43. a5 f4 44. Rb4 g4 45. fxg4 Kg5 46. gxh5 f3 47. Kg3 f2 48. Rg4+ Kxh5 49. Rf4 Rb2 50. Rxf2 Rxb3+ 51. Rf3 1-0

[Event "2BLS 2223 SV 1920 Hofheim - Heilbronner"]
[Site "?"]
[Date "2023.02.04"]
[Round "5.6"]
[White "Laux, Dominik"]
[Black "Pogan, Nikolas"]
[Result "1-0"]
[WhiteElo "2287"]
[BlackElo "2202"]
[PlyCount "65"]
[EventDate "2023.??.??"]

1. e4 c6 2. Nc3 d5 3. Nf3 Bg4 4. h3 Bxf3 5. Qxf3 e6 6. Be2 g6 7. d4 Bg7 8. Be3 Ne7 9. O-O-O Nd7 10. g4 b5 11. exd5 exd5 12. Bd3 b4 13. Ne2 Qa5 14. Kb1 O-O 15. h4 c5 16. dxc5 Nxc5 17. Bd4 Bxd4 18. Nxd4 Ne6 19. Nxe6 fxe6 20. Qe3 Qb6 21. Qg5 Rf7 22. h5 Rg7 23. hxg6 Nxg6 24. Rxh7 Rxh7 25. Bxg6 Rg7 26. Rh1 Qd8 27. Qh6 Kf8 28. Rh3 Qf6 29. Qh8+ Ke7 30. Qxa8 Qxf2 31. Qe8+ Kd6 32. Rh1 Ke5 33. Bf5 1-0

[Event "2BLS 2223 SV 1920 Hofheim - Heilbronner"]
[Site "?"]
[Date "2023.02.04"]
[Round "5.7"]
[White "Kabisch, Thilo"]
[Black "Zude, Arno"]
[Result "0-1"]
[WhiteElo "2249"]
[BlackElo "2346"]
[PlyCount "98"]
[EventDate "2023.??.??"]

1. e4 e5 2. Nf3 Nc6 3. Bb5 a6 4. Ba4 Nf6 5. O-O Be7 6. Re1 b5 7. Bb3 d6 8. c3 O-O 9. h3 Nb8 10. d4 Nbd7 11. Nbd2 Bb7 12. Bc2 Re8 13. Nf1 Bf8 14. Ng3 g6 15. b3 Bg7 16. d5 Nb6 17. Rb1 c6 18. c4 b4 19. dxc6 Bxc6 20. Qd2 a5 21. a3 bxa3 22. Bxa3 Nc8 23. Red1 Bf8 24. Bb2 Nb6 25. Bc3 Nfd7 26. Qe2 Qc7 27. Ra1 a4 28. b4 Nb8 29. Ra3 Bd7 30. Bd3 Be6 31. c5 dxc5 32. Bxe5 Qb7 33. bxc5 Bxc5 34. Rc3 N8d7 35. Bb5 Rec8 36. Rcd3 Nxe5 37. Nxe5 Bf8 38. Qf3 a3 39. Bd7 Nxd7 40. Rxd7 Qb5 41. R1d5 Qb1+ 42. Kh2 a2 43. Nxf7 a1=Q 44. Nh5 Qg1+ 45. Kg3 Ra3 46. Rd3 Rxd3 47. Qxd3 Bxf7 48. Qf3 Qe5+ 49. Nf4 Rc3 0-1

[Event "2BLS 2223 SV 1920 Hofheim - Heilbronner"]
[Site "?"]
[Date "2023.02.04"]
[Round "5.8"]
[White "Tischendorf, Michael"]
[Black "Degenhard, Simon"]
[Result "1/2-1/2"]
[WhiteElo "2151"]
[BlackElo "2253"]
[PlyCount "28"]
[EventDate "2023.??.??"]

1. d4 Nf6 2. Nc3 e6 3. Bf4 Bb4 4. Qd3 O-O 5. a3 Bxc3+ 6. Qxc3 Nd5 7. Qg3 Nxf4 8. Qxf4 d5 9. Nf3 Qd6 10. e3 b6 11. O-O-O Ba6 12. Bd3 Bxd3 13. Rxd3 Nd7 14. Re1 Rac8 1/2-1/2

[Event "2BLS 2223 Stuttgarter SF - SG Speyer-Sc"]
[Site "?"]
[Date "2023.02.04"]
[Round "5.2"]
[White "Benkovic, Petar"]
[Black "Horvath, Adam"]
[Result "1/2-1/2"]
[WhiteElo "2369"]
[BlackElo "2462"]
[PlyCount "94"]
[EventDate "2023.??.??"]

1. Nf3 c5 2. c4 Nc6 3. d4 cxd4 4. Nxd4 Nf6 5. Nc3 e6 6. a3 Be7 7. e4 O-O 8. Be2 Qc7 9. O-O b6 10. Be3 Bb7 11. Nxc6 Bxc6 12. Bd3 Rfd8 13. Rc1 Qb7 14. Re1 d5 15. cxd5 exd5 16. exd5 Nxd5 17. Nxd5 Bxd5 18. f3 Bf6 19. Qe2 h5 20. Bf4 Qd7 21. Bb5 Qf5 22. Bc7 Rf8 23. Be5 Rad8 24. Bxf6 Qxf6 25. Qe5 Qg6 26. Qg3 Qh6 27. Qh4 Be6 28. Rcd1 Rxd1 29. Rxd1 Qe3+ 30. Qf2 Qb3 31. Qe2 h4 32. h3 Rc8 33. Kh2 g6 34. Rd3 Qc2 35. Qe5 Qc5 36. Qxc5 Rxc5 37. Bd7 Rd5 38. Rxd5 Bxd5 39. f4 Kf8 40. g3 Ke7 41. Ba4 hxg3+ 42. Kxg3 Kf6 43. Bc2 Be6 44. h4 Bf5 45. Ba4 Kg7 46. Kf3 Kh6 47. Bb5 Kh5 1/2-1/2

[Event "2BLS 2223 Stuttgarter SF - SG Speyer-Sc"]
[Site "?"]
[Date "2023.02.04"]
[Round "5.3"]
[White "Kantans, Toms"]
[Black "Neyman, Igor"]
[Result "1-0"]
[WhiteElo "2499"]
[BlackElo "2362"]
[PlyCount "83"]
[EventDate "2023.??.??"]

1. e4 c5 2. Nf3 e6 3. d4 cxd4 4. Nxd4 Nf6 5. Nc3 Nc6 6. Nxc6 bxc6 7. e5 Nd5 8. Ne4 Bb7 9. Bd3 c5 10. O-O Qc7 11. c4 Nb4 12. f4 Nxd3 13. Qxd3 Be7 14. Bd2 f5 15. Nd6+ Bxd6 16. exd6 Qc6 17. Rf2 Qe4 18. Qg3 Qc6 19. Ba5 Qxd6 20. Rd2 Qe7 21. Rad1 Bc6 22. Bc7 Rg8 23. Bd6 Qf6 24. Bxc5 g5 25. b4 a6 26. h4 h6 27. Rd6 Rc8 28. Be3 Qc3 29. fxg5 hxg5 30. R1d3 Qxc4 31. R6d4 Qxa2 32. Bxg5 Qe2 33. Re3 Qh5 34. Qd6 Qf7 35. Rc4 Rg6 36. Rc5 Qf8 37. Qf4 Qg8 38. Qxf5 Qf7 39. Qd3 Rb8 40. Qd6 Rc8 41. h5 Rg7 42. Rxc6 1-0

[Event "2BLS 2223 Stuttgarter SF - SG Speyer-Sc"]
[Site "?"]
[Date "2023.02.04"]
[Round "5.4"]
[White "Strunski, Andreas"]
[Black "Nemeth, Miklos"]
[Result "0-1"]
[WhiteElo "2320"]
[BlackElo "2436"]
[PlyCount "126"]
[EventDate "2023.??.??"]

1. d4 Nf6 2. c4 e6 3. Nc3 Bb4 4. Qc2 d6 5. Nf3 O-O 6. Bd2 Nbd7 7. a3 Bxc3 8. Bxc3 d5 9. e3 Ne4 10. Bd3 f5 11. b4 b6 12. c5 c6 13. O-O Bb7 14. a4 Rf6 15. cxb6 axb6 16. b5 Rc8 17. bxc6 Rxc6 18. Ra3 f4 19. Qb2 Rc8 20. Bb4 Nb8 21. Rb3 Bc6 22. a5 Ba4 23. Ra3 b5 24. Rc1 Nc6 25. Raa1 fxe3 26. fxe3 Rf7 27. Be1 Nd6 28. Bh4 Qd7 29. Ng5 Rf6 30. Bxh7+ Kh8 31. Qb1 Nc4 32. Bg3 Rcf8 33. Bf4 Nxd4 34. exd4 Rxf4 35. Bg8 Rh4 36. Bxe6 Qe7 37. Qg6 Rh6 38. Nf7+ Rxf7 39. Qxf7 Qxe6 40. Qf8+ Kh7 41. Re1 Qg4 42. Qc5 Qh5 43. h3 Qg5 44. Kh1 Rg6 45. Ra2 Nd2 46. Rg1 Ne4 47. Qc7 Qg3 48. Qxg3 Nxg3+ 49. Kh2 Ne4 50. Rf1 Ra6 51. Rf5 Bb3 52. Ra1 Bc4 53. Rf8 Nd2 54. h4 Nb3 55. Re1 Nxd4 56. Ree8 b4 57. h5 Kh6 58. g4 Re6 59. Kg3 Rxe8 60. Rxe8 b3 61. Kf4 g5+ 62. Ke5 b2 63. Rb8 Nc6+ 0-1

[Event "2BLS 2223 Stuttgarter SF - SG Speyer-Sc"]
[Site "?"]
[Date "2023.02.04"]
[Round "5.5"]
[White "Kovacs, Gabor"]
[Black "Beyer, Christian"]
[Result "1/2-1/2"]
[WhiteElo "2400"]
[BlackElo "2253"]
[PlyCount "98"]
[EventDate "2023.??.??"]

1. d4 d5 2. c4 e6 3. Nc3 c5 4. cxd5 exd5 5. Nf3 Nc6 6. g3 Nf6 7. Bg2 Be7 8. O-O O-O 9. dxc5 Bxc5 10. a3 Ne4 11. Nxd5 Be6 12. Ne3 f5 13. Qxd8 Rfxd8 14. b4 Bb6 15. Bb2 g5 16. b5 Na5 17. Rad1 Nb3 18. Rxd8+ Rxd8 19. Rd1 Rxd1+ 20. Nxd1 Bc4 21. e3 Bxb5 22. Nc3 Nxc3 23. Bxc3 Nc1 24. Bf1 Bxf1 25. Kxf1 h6 26. Ne5 Bc7 27. Nf3 Kf7 28. Bb2 Nd3 29. Bd4 Bd6 30. Bxa7 Bxa3 31. Ke2 Bc5 32. Bxc5 Nxc5 33. Nd4 Kf6 34. h3 Ne6 35. Nb5 Ke5 36. g4 f4 37. Kd3 Nc5+ 38. Ke2 fxe3 39. fxe3 Ne4 40. Nd4 Kd5 41. Nf5 b5 42. Nxh6 b4 43. Nf5 Kc4 44. Nd4 Nc3+ 45. Kf3 Kd3 46. h4 gxh4 47. g5 Ne4 48. g6 Nf6 49. g7 Kc3 1/2-1/2